Tomáš Baťa život a práce hospodářského buditele
Enregistré dans:
| Auteur principal: | |
|---|---|
| Format: | Livre |
| Langue: | tchèque |
| Publié: |
Zlín
Univerzita Tomáše Bati ve Zlíně
2015
|
| Collection: | Edice Inspirace Baťa
|
| Sujets: | |
| Tags: |
Pas de tags, Soyez le premier à ajouter un tag!
|
MARC
| LEADER | 00000nam a2200000 4500 | ||
|---|---|---|---|
| 001 | 0221856 | ||
| 005 | 20240313090522.2 | ||
| 020 | |a 978-80-7454-524-5 | ||
| 041 | 0 | |a cze | |
| 044 | |a CZ | ||
| 245 | 1 | 0 | |a Tomáš Baťa |b život a práce hospodářského buditele |c František Hodáč |
| 264 | 1 | |a Zlín |b Univerzita Tomáše Bati ve Zlíně |c 2015 | |
| 300 | |a 525 s. | ||
| 490 | 1 | |a Edice Inspirace Baťa | |
| 830 | 0 | |a Edice Inspirace Baťa | |
| 610 | 2 | 0 | |a podnikatelia |
| 610 | 2 | 0 | |a podnik |
| 610 | 2 | 0 | |a podnikanie |
| 610 | 2 | 0 | |a osobnosť |
| 610 | 2 | 0 | |a manažéri |
| 610 | 2 | 0 | |a myslenie ekonomické |
| 610 | 2 | 0 | |a stratégia podnikateľská |
| 610 | 2 | 0 | |a politika podnikania |
| 610 | 2 | 0 | |a vzťahy spoločenské |
| 610 | 2 | 0 | |a politika sociálna |
| 610 | 2 | 0 | |a politika sociálna podniková |
| 610 | 2 | 0 | |a životopisy |
| 610 | 2 | 0 | |a obuvníctvo |
| 610 | 2 | 0 | |a priemysel obuvnícky |
| 610 | 2 | 0 | |a riadenie podnikové |
| 610 | 2 | 0 | |a metódy riadenia |
| 610 | 2 | 0 | |a systémy riadenia |
| 610 | 2 | 0 | |a Baťa, T. |
| 100 | 1 | |a Hodáč, František | |